Angličtina pre jazykové školy a kurzy 3
Gespeichert in:
| 1. Verfasser: | |
|---|---|
| Format: | Buch |
| Sprache: | Slowakisch |
| Veröffentlicht: |
Bratislava
Slov. ped. nakl.
1989
|
| Ausgabe: | 2. dopln. vyd. |
| Tags: |
Keine Tags, Fügen Sie das erste Tag hinzu!
|
MARC
| LEADER | 00000nam a2200000 4500 | ||
|---|---|---|---|
| 001 | c034271 | ||
| 005 | 20221215070301.9 | ||
| 041 | 0 | |a slo | |
| 044 | |a SK | ||
| 245 | 1 | 0 | |a Angličtina pre jazykové školy a kurzy 3 |c Mária Maříková |
| 250 | |a 2. dopln. vyd. | ||
| 264 | 1 | |a Bratislava |b Slov. ped. nakl. |c 1989 | |
| 300 | |a 468 s. | ||
| 100 | 1 | |a Maříková, Mária | |